Robin Hood / (Record no. 29322)

MARC details
000 -LEADER
fixed length control field 00530 a2200217 4500
001 - CONTROL NUMBER
control field sjds
003 - CONTROL NUMBER IDENTIFIER
control field sjds
005 - DATE AND TIME OF LATEST TRANSACTION
control field 20240305113921.0
008 - FIXED-LENGTH DATA ELEMENTS--GENERAL INFORMATION
fixed length control field 240305b |||||||| |||| 00| 0 spa d
020 ## - INTERNATIONAL STANDARD BOOK NUMBER
International Standard Book Number 9788131944400
040 ## - CATALOGING SOURCE
Transcribing agency sjds
041 ## - LANGUAGE CODE
Language code of text/sound track or separate title spa
110 ## - MAIN ENTRY--CORPORATE NAME
Corporate name or jurisdiction name as entry element Dreams Art
245 ## - TITLE STATEMENT
Title Robin Hood /
Statement of responsibility, etc. Dreams Art
260 ## - PUBLICATION, DISTRIBUTION, ETC. (IMPRINT)
Name of publisher, distributor, etc. Editorial Sicoben,
Date of publication, distribution, etc. 2020
300 ## - PHYSICAL DESCRIPTION
Extent 32 pgs
Other physical details illus.
440 ## - SERIES STATEMENT/ADDED ENTRY--TITLE
Title Coleccion Aprendiendo a leer Niv 3
500 ## - GENERAL NOTE
General note Cataloging from websites
521 ## - TARGET AUDIENCE NOTE
Target audience note NIVEL 3- (7-8 ANOS)
942 ## - ADDED ENTRY ELEMENTS (KOHA)
Koha item type Libro/Book
Holdings
Withdrawn status Lost status Damaged status Not for loan Home library Current library Shelving location Date acquired Total Checkouts Barcode Checked out Date last seen Date checked out Price effective from Koha item type
        San Juan Del Sur -- Mobile Las delicias Children's Area 11/03/2020 2 33014531 09/03/2022 02/02/2022 02/02/2022 11/03/2020 Libro/Book
        San Juan Del Sur -- Mobile Las delicias   04/03/2024 2 33016167   10/10/2024 10/04/2024 04/03/2024 Libro/Book

Powered by Koha